|
|
|
|
| LEADER |
00699nam a22001937a 4500 |
| 001 |
c000106752 |
| 003 |
CARM |
| 005 |
19990122000000.0 |
| 008 |
990122s1950 enk 000 1 eng d |
| 019 |
1 |
|
|a 3121707
|z 14414196
|5 LACONCORD2021
|
| 035 |
|
|
|a (OCoLC)18534609
|5 LACONCORD2021
|
| 040 |
|
|
|a VLINC
|b eng
|c VLINC
|
| 100 |
1 |
|
|a Arnow, Harriette Simpson,
|d 1908-
|
| 245 |
1 |
0 |
|a Hunter's horn /
|c Harriette Arnow.
|
| 260 |
|
|
|a London :
|b Collins,
|c 1950.
|
| 300 |
|
|
|a 512 p.
|
| 852 |
8 |
|
|b CARM
|h A2:AD25A0
|i B03175
|p 0153737
|f BK
|
| 999 |
f |
f |
|i a5b16421-2cd3-5849-b1a5-2009ad993fd5
|s d5120a30-09c1-5819-8236-9d2041ae1b8f
|
| 952 |
f |
f |
|p Can circulate
|a CAVAL
|b CAVAL
|c CAVAL
|d CARM 1 Store
|e B03175
|f A2:AD25A0
|h Other scheme
|i book
|m 0153737
|